000 00910nam2a22002531 4500
001 RU\NLR\INFOCOMM55\5000157936
005 20250617120217.0
035 _a(NLR Aleph) 002587901
090 _a3334545
_c3334545
100 _a20041020d1976 |||y0rusy50 ca
101 0 _arus
_aeng
102 _aRU
105 _ay ||||000|y
200 1 _aПерспективы увеличения тока в нелинейных линиях для формирования ударных электромагнитных волн
_fВ.А. Швец
210 _d1976
_aБ. м.
461 0 _1001RU\NLR\INFOCOMM15\1000176112
_12001#$aИздания$fОбъедин. ин-т ядерных исследований$v13-10300
700 1 _aШвец
_bВ.А.
_4070
801 1 _aRU
_bInfoComm
_c20050111
801 0 _aRU
_bNLR
_gPSBO
852 _aNLR
_jП11/2061
942 _cISSUE
980 _aNB
980 _aRUSPER